Doprava ropy potrubím na veľkú vzdialenosť

Saved in:
Bibliographic Details
Main Author: Žmijáková, Martina (Author)
Other Authors: Prikkel, Karol (Thesis advisor)
Format: Manuscript Book
Language:Slovak
Published: 2017
Subjects:
Online Access:http://is.stuba.sk/zp/portal_zp.pl?podrobnosti=133160
Tags: Add Tag
No Tags, Be the first to tag this record!

MARC

LEADER 00000ntm a22000003a 4500
001 stuzp64250
003 SK-STU
005 20170624213203.8
007 ta
008 150427s2015----xo-----f-mn---000-0-slo-d
040 |a STU  |b slo 
041 0 |a slo 
100 1 |a Žmijáková, Martina  |u 020060  |4 aut  |U SjF Strojnícka fakulta  |T SjF Ústav energetických strojov a zariadení  |X 76977  |U J0060  |Y 805  |7 76977 
242 0 1 |a Oil transportation by the pipeline for a long distance  |y eng 
245 1 0 |a Doprava ropy potrubím na veľkú vzdialenosť 
260 |c 2017 
650 4 |a charakteristika čerpadla  |2 slo 
650 4 |a prevádzkové parametre  |2 slo 
650 4 |a ustálené prúdenie  |2 slo 
650 4 |a hydraulické straty  |2 slo 
650 4 |a vymedzenie trasy v Pakistane  |2 slo 
650 4 |a charakteristika potrubného systému  |2 slo 
650 4 |a operating parameters  |2 eng 
650 4 |a steady flow  |2 eng 
650 4 |a route delimitation in Pakistan  |2 eng 
650 4 |a pipe system characteristics  |2 eng 
650 4 |a hydraulic losses  |2 eng 
650 4 |a pump characteristics  |2 eng 
700 1 |a Prikkel, Karol  |u 020060  |k Z1  |4 ths  |U SjF Strojnícka fakulta  |T SjF Ústav energetických strojov a zariadení  |X 2398  |U J0060  |Y 805  |7 A000002398 
856 4 |u http://is.stuba.sk/zp/portal_zp.pl?podrobnosti=133160 
996 |b 284J045176  |c J* 2646/BP  |l JJSK  |s A  |a 24  |w stuzp64250_0001